Super Smash Bros. Characters by Wikipedia Descriptions - Statistics

General Stats
  • This quiz has been taken 129 times
  • The average score is 9 of 15
Answer Stats
Description Answer % Correct
Miyamoto expected the character to be unpopular and planned to use him for cameo appearances; originally called “Mr. Video” he was later renamed to _____. Mario
95%
The character's design was intended to serve as placeholder graphics for the game's original protagonist in early development and thus was given a simplistic ball-like appearance. Kirby
80%
Miyamoto finally settled on having a fox as the main character after visiting Fushimi Inari-taisha in Kyoto, the head shrine of Inari, a Japanese kami associated with foxes. Fox
75%
While the user can assign a gender, name, birthday, favorite color, and mingle preference to a ___, the majority of the interface used for ___ creation focuses on the appearance of its face and head. Mii
74%
He uses magic as shown in New Super Mario Bros. where he performs necromancy to revive his dad at the end of the game. Bowser Jr.
71%
___ who was originally named Ike was at first created for the cancelled game Fire Emblem 64 but only him and a character named Karel survived the transition to the GBA. Roy
67%
Actress Reiko Takashima voiced a second, unrelated ______ in the Pokémon anime special ______: Prologue to Awakening Mewtwo
64%
Critics have responded positively to her character development and have listed her as one of the greatest female video game characters of all time. Zelda
64%
In contrast to previous Fire Emblem games, where the protagonist was of royal blood, the main character ___ was intended to be of lower social rank, a mercenary who becomes involved in royal politics and conflict rather than being born into it. Ike
62%
He is a second-year high school student who gets expelled due to a false accusation of assault from a corrupt politician. Joker
62%
___ has a stamina meter; if it runs out, he turns pink and must be given time to recover. If he is knocked down, players must mash the A button to make him stand up. Little Mac
55%
______, also known by his aliases Geoform 187 and The Cunning God of Death, is a fictional character and one of the main antagonists of the _______ series. Ridley
47%
Regarded as one of the most iconic recurring elements or motifs of Mario franchise media, _____ has appeared in nearly every video game title in the franchise since 1985's Super Mario Bros. Piranha Plant
45%
[…] citing the male's appearance "being immediately become beloved by fans with his happy stare and delightful smile quickly garnered him the reputation of being an unredeemable, murderous psychopath." Villager
38%
Possesses an IQ of 180 and is fluent in six languages. Snake
32%
No matching quizzes found
Score Distribution
Percent of People with Each Score
Percentile by Number Answered
Your Score History
You have not taken this quiz